[Event "Ljubljana op 7th"]
[Site "Ljubljana"]
[Date "1996.??.??"]
[Round "1"]
[White "Burmakin, Vladimir"]
[Black "Grachev, Ivan B"]
[Result "1-0"]
[WhiteElo "2535"]
[BlackElo "2265"]
[PlyCount "137"]
[EventDate "1996.06.??"]
[EventType "swiss"]
[EventRounds "9"]
[EventCountry "SLO"]
[SourceTitle "CBM 053 Extra"]
[Source "ChessBase"]
[SourceDate "1996.09.01"]
[SourceVersion "1"]
[SourceVersionDate "1996.09.01"]
[SourceQuality "1"]

1. d4 d5 2. Nf3 e6 3. c4 c6 4. Nc3 dxc4 5. a4 Bb4 6. e3 b5 7. Bd2 a5 8. axb5 Bxc3 9. Bxc3 cxb5 10. b3 Bb7 11. bxc4 b4 12. Bb2 Nf6 13. Bd3 Nbd7 14. 0-0 0-0 15. c5 Qc7 16. Qc2 h6 17. e4 Rfc8 18. Rfc1 Bc6 19. Nd2 a4 20. Rcb1 Rcb8 21. Nc4 Ne8 22. Bc1 a3 23. Bd2 b3 24. Rxb3 Ba4 25. Rxb8 Bxc2 26. Rxa8 Bxd3 27. Nd6 Kh7 28. Nxe8 Qc6 29. R8xa3 Bxe4 30. f3 Bd5 31. Ra6 Qb5 32. R6a3 Qc6 33. Be3 Nxc5 34. Nf6+ gxf6 35. dxc5 Kg6 36. Rb1 Qc7 37. Rb4 h5 38. Bf2 Qe5 39. h3 Qg5 40. Rb1 Qf5 41. Rc1 Bc6 42. h4 Qe5 43. Rd3 Qb2 44. Re1 Bd5 45. Rdd1 Bc6 46. Rd8 Kg7 47. Red1 Bd5 48. Rd6 Qe5 49. Rb6 Qe2 50. Rbb1 Qe5 51. Rbc1 Bc6 52. Rd6 Bd5 53. Rxd5 exd5 54. c6 Qb2 55. Rc5 Qa1+ 56. Kh2 Qe5+ 57. g3 Qc7 58. Rc2 Kg6 59. Bb6 Qc8 60. c7 Kg7 61. Kg2 Kg6 62. Bd4 Kg7 63. Rc6 Kh7 64. Bxf6 Qe8 65. Rc2 Qc8 66. Be5 Kg6 67. Rc6+ Kh7 68. Kf2 d4 69. Bxd4 1-0